God's democracy : (Record no. 23415)

MARC details
000 -LEADER
fixed length control field 00617cam a2200205 a 4500
020 ## - INTERNATIONAL STANDARD BOOK NUMBER
ISBN 9780313353369 (alk. paper)
020 ## - INTERNATIONAL STANDARD BOOK NUMBER
ISBN 0313353360 (alk. paper)
082 00 - DEWEY DECIMAL CLASSIFICATION NUMBER
Classification number 200.973/090511
100 1# - MAIN ENTRY--AUTHOR NAME
Author name Gentile, Emilio,
245 10 - TITLE STATEMENT
Title God's democracy :
260 ## - PUBLICATION, DISTRIBUTION, ETC. (IMPRINT)
Place of publication Westport, Conn. :
Name of publisher Praeger,
Year of publication c2008.
300 ## - PHYSICAL DESCRIPTION
Number of Pages xvi, 187 p. ;
490 0# - SERIES STATEMENT
Series statement Religion, politics, and public life,
500 ## - GENERAL NOTE
General note Translated from the Italian.
650 #0 - SUBJECT ADDED ENTRY--TOPICAL TERM
Topical Term Religion and politics
650 #0 - SUBJECT ADDED ENTRY--TOPICAL TERM
Topical Term September 11 Terrorist Attacks, 2001
856 41 - ELECTRONIC LOCATION AND ACCESS
Uniform Resource Identifier http://www.loc.gov/catdir/toc/ecip0817/2008020077.html
942 ## - ADDED ENTRY ELEMENTS (KOHA)
Koha item type Books
Holdings
Home library Current library Shelving location Date acquired Source of acquisition Cost, normal purchase price Full call number Accession Number Koha item type
Henry Martyn Institute Library Henry Martyn Institute Library General stacks 03/05/2024 Kohinoor Book Distributor 4746.00 200.973 25900 Books
                   Copyright © 2026 | Henry Martyn Institute | Hyderabad | TS-500052 | INDIA | Implemented by hmi.edu.in
Hit-Count:

Powered by Koha